Southville International School and Colleges
Your cart is empty.
  • Cart
  • Lists
    Public lists Eva Luna New books Lux_list list_1
    Your lists Log in to create your own lists
  • Log in to your account
  • Your cookies
  • Search history
Southville International School and Colleges
  • Advanced search
  • Recent comments
  • Most popular
  • Libraries

Log in to your account

Log in with GOOGLE


If you do not have an external account, but do have a local account, you can still log in:

  1. Home
  2. MARC view: Introduction to literature /
Normal view MARC view ISBD view

Introduction to literature / (Record no. 282531)

[ view plain ]
MARC details
000 -LEADER
fixed length control field 00483nam a22001697a 4500
003 - CONTROL NUMBER IDENTIFIER
control field PILC
005 - DATE AND TIME OF LATEST TRANSACTION
control field 20150204153129.0
008 - FIXED-LENGTH DATA ELEMENTS--GENERAL INFORMATION
fixed length control field 150204b xxu||||| |||| 00| 0 eng d
020 ## - INTERNATIONAL STANDARD BOOK NUMBER
International Standard Book Number 9789717070896
050 ## - LIBRARY OF CONGRESS CALL NUMBER
Classification number PL 5531
Item number .T161 2001
100 ## - MAIN ENTRY--PERSONAL NAME
Personal name Tan, Arsenia B.
245 ## - TITLE STATEMENT
Title Introduction to literature /
Statement of responsibility, etc Arsenia B. Tan.
250 ## - EDITION STATEMENT
Edition statement 4th ed.
260 ## - PUBLICATION, DISTRIBUTION, ETC. (IMPRINT)
Place of publication, distribution, etc Madaluyong, Philippines :
Name of publisher, distributor, etc Academic Publishing Corporation,
Date of publication, distribution, etc 2001.
300 ## - PHYSICAL DESCRIPTION
Extent 265 pages ;
Dimensions 25 cm.
942 ## - ADDED ENTRY ELEMENTS (KOHA)
Source of classification or shelving scheme Library of Congress Classification
Koha item type Books
Holdings
Withdrawn status Lost status Source of classification or shelving scheme Damaged status Home library Current library Shelving location Date acquired Source of acquisition Sub Shelving location Total Checkouts Full call number Barcode Date last seen Price effective from Koha item type
    Library of Congress Classification   College Library College Library Filipiniana Section 02/04/2015 Library Fund     PL 5531 .T161 2001 C0113 05/08/2018 02/04/2015 Books

Introduction to literature /

APA

Tan A. B., . (2001). Introduction to literature. Madaluyong, Philippines: Academic Publishing Corporation.

Chicago

Tan Arsenia B, . 2001. Introduction to literature. Madaluyong, Philippines: Academic Publishing Corporation.

Harvard

Tan A. B., . (2001). Introduction to literature. Madaluyong, Philippines: Academic Publishing Corporation.

MLA

Tan Arsenia B, . Introduction to literature. Madaluyong, Philippines: Academic Publishing Corporation. 2001.

  • Place hold
  • Print
  • Cite
  • Add to your cart (remove)
  • Save record
    BIBTEX Dublin Core MARCXML MARC (non-Unicode/MARC-8) MARC (Unicode/UTF-8) MARC (Unicode/UTF-8, Standard) MODS (XML) RIS
  • More searches
    Search for this title in:
    Other Libraries (WorldCat) Other Databases (Google Scholar) Online Stores (Bookfinder.com) Open Library (openlibrary.org)

Exporting to Dublin Core...

SOUTHVILLE LIBRARY

Southville International School and Colleges Library

1281 Tropical Ave. Cor. Luxembourg St., BF Homes International, Las Pinas City

Tel. No. 8256374 / 252358 Loc. 117/146

Powered by Koha